Statistics for Food in Other Languages

Click here to take the quiz!

General Stats

  • This quiz has been taken 93 times
  • The average score is 11 of 20

Answer Stats

Hint Answer % Correct
PolloChicken
94%
WurstSausage
85%
FromageCheese
85%
ArrozRice
84%
PoissonFish
78%
OeufEgg
75%
ManzanaApple
70%
CalamariSquid
69%
PomodoroTomato
65%
KartoffelPotato
63%
MleckoMilk
58%
FagioliBeans
42%
לֶחֶם (lehem)Bread
38%
ウナギ (Unagi)Eel
30%
केला (kela)Banana
28%
LachsSalmon
27%
KapustaCabbage
27%
لحم (lahm)Meat
25%
MelanzanaEggplant
19%
ZabocaAvocado
4%

Score Distribution

Percentile by Number Answered

Percent of People with Each Score

Your Score History

You have not taken this quiz